000 00642nam a2200181Ia 4500
008 100920s9999 xx 000 0 und d
082 _b32234
_a24 थ 71
100 _aकलगुटकर हिराकांत.
245 _aबाळा गाते तुज अंगाई.
260 _bमॅजेस्टिक बुक स्टॉल, मुंबई.4.
_c1971
300 _a88
_bसाधी
365 _b4
520 _aसायो.
630 _aबाळा गाते तुज अंगाई.
650 _aसायो.
730 _aबाळा गाते तुज अंगाई.
942 _cBOOK
999 _c687259
_d687256